| 000 | 00815na a2200253 4500 | ||
|---|---|---|---|
| 001 | 23651 | ||
| 003 | MIRAKIL | ||
| 005 | 20181213154913.0 | ||
| 008 | 180103b tu 000 0 | ||
| 040 |
_aMilas _btur _cTR-AnCHP |
||
| 041 | _atur | ||
| 082 |
_a070 _bB27 1986 |
||
| 090 | _a070 B27 1986 | ||
| 111 |
_aBasın konseyi ve basının sorunları _cAnkara _d05.07.1986 |
||
| 245 |
_aBasın konseyi ve basının sorunları _cParlamento Muhabirleri Derneği |
||
| 260 |
_aAnkara _bParlamento Muhabirleri Derneği _c1986 |
||
| 300 |
_a79 s. _c23 sm. |
||
| 440 |
_aPMD yayınları _v2 |
||
| 500 | _aDış kapakta yapıt adı: Basın özgürlüğü ve basın konseyi | ||
| 650 |
_aBasın _xTürkiye _ySorunlar |
||
| 650 | _aBasın özgürlüğü | ||
| 700 | _aÇağdaş Gazeteciler Derneği | ||
| 942 |
_2ddc _cBKS |
||
| 999 |
_c2905 _d2905 |
||